| 000 | 01425nam a22001937a 4500 | ||
|---|---|---|---|
| 999 |
_c59533 _d59533 |
||
| 003 | Ge_BSU | ||
| 005 | 20230310160451.0 | ||
| 008 | 230310s2001 ge ||||| |||| 00| 0 geo d | ||
| 020 | _a9992865504 | ||
| 041 | _ageo | ||
| 080 | _a342.726 :061.215-055.2 ქ-19 | ||
| 245 |
_aქალის ადამიანის უფლებები ნაბიჯ-ნაბიჯ : _bპრაქტ. სახელმძღვ. ადამიანის უფლებათა... დასაცავად : საერთ. ორგ. ქალები, კანონი და განვითარება და ადამიანის უფლებათა მეთვალყურის ქალის უფლებების პროექტი / _c[ავტ.: მერთუსი ჯულია, ბუტეგვა ფლორენს, თომასი დოროთი ქ., შულერი მარგარეტ ა. ; მთარგმნ.: მარი მესხი და ლია სანიკიძე]. |
||
| 264 |
_aთბილისი : _bლოგოს-პრესი, _c2001. |
||
| 300 |
_a224 გვ. ; _b25 სმ. |
||
| 653 | _a ქალთა უფლებები | ||
| 653 | _a ქალთა ორგანიზაციები | ||
| 700 |
_aმერთუსი, ჯულია _eავტორი. _917170 |
||
| 942 |
_2udc _cBK |
||